000 00646nam a2200229 a 4500
008
020 _a034067699X (pbk.)
049 _aMAIN
050 0 0 _aTJ756
_fWIN
100 1 _aWinterbone, D. E.
245 1 0 _aAdvanced thermodynamics for engineers /
_cDesmond E. Winterbone.
260 _aLondon :
_bArnold,
_cc1997.
300 _axix, 378 p. :
_bill. ;
_c25 cm.
504 _aIncludes bibliographical references.
500 _aIncludes index.
650 0 _aThermodynamics.
907 _a.b10160577
_b17-10-11
_c22-03-05
003
005 20230123134058.0
040 _cNUST
942 _cBOOKS
999 _c159660
_d159660